00649cam a22002057a 4500003000500000005001700005008004100022010001000063011001000073020001500083035001000098040000900108082001400117100002000131245013600151260006500287300002100352650003300373650003700406CHAP20220329142757.0030908d2002 us r 00110 eng d a87661 a88633 a0761536604 a99178 cCHAP04a363.7bB300aBailey, Ronald.10aGlobal warming and other eco-myths :bhow the enviromental movement uses false science to scare US to deathc/ ed. by Ronald Bailey aRoseville,, Cal. ;bCompetitive Interprise Institute,c2002. a423 p.bgráfs.14aEcologíaxInvestigación.14aMedio ambientexInvestigación.